000 00982nam a22002415i 4500
001 175103
003 ES-MaACL
005 20250903022112.0
008 101006s1951 sp |||| | spa d
080 _a519.2
100 0 _aWald, Abraham.
_9143468
245 1 0 _aSobre los principios de la inferencia estadística
_b: [conferencias pronunciadas en la Universidad de Notre Dame] /
_cpor Abraham Wald ; [traducción de J. Béjar].
260 _a[Madrid] :
_bDepartamento de Estadística,
_c1951.
300 _a40 p. ;
_c26 cm.
490 1 _aMonografías de ciencia moderna ;
_v32
650 1 7 _aEstadística matemática
_2embne
_9143469
650 1 4 _aEcología de agua dulce.
_9143382
700 0 _aBéjar, J.
_927084
710 2 _aConsejo Superior de Investigaciones Científicas (España).
_bDepartamento de Estadística.
_93238
830 0 _aMonografías de ciencia moderna
_v32
_9189470
852 _aES-MaACL
_jE-13298
_xOlim P-555 bis
999 _c175103
_d175103